000 00539nam a2200169Ia 4500
003 GCL
008 140319s9999 xx 000 0 ara d
040 _aGCL /
_cGCL
082 0 4 _a210.92
_bج ا
100 1 _aجاربر رزق
245 1 0 _aالامام الشهبيى حسن النيا: باقلام تلافدية ومعاصرية /
_cجاربر رزق
260 _a[S.N] :
_bدار الوفاء للطباعة والنشر والتوزيع ،
_c1987
300 _a223
490 _a
650 0 4 _aالاسلام
942 _2ddc
_cBK
999 _c53598
_d53598